| 000 | 00585nam a2200181 i 4500 | ||
|---|---|---|---|
| 001 | 94265 | ||
| 003 | ES-MaACL | ||
| 005 | 20250902063100.0 | ||
| 007 | t| | ||
| 008 | 050427s1908 sp |||| | spa d | ||
| 100 | 1 |
_aLópez Silva, José, _d1861-1925 _973986 |
|
| 245 | 1 | 3 |
_aLa gente del pueblo _b: colección de composiciones / _cJosé López Silva ; prólogo de D. Jacinto Benavente. |
| 260 |
_aMadrid : _bRicardo Fé, _c1908. |
||
| 300 |
_aXI, 242 p. ; _c18 cm. |
||
| 700 | 1 |
_aBenavente, Jacinto, _d1866-1954 _927443 |
|
| 852 |
_aES-MaACL _jD-886 |
||
| 999 |
_c94265 _d94265 |
||